书目信息 |
| 题名: |
软件工程初级考试辅导书
|
|
| 作者: | 刘越 编著 | |
| 分册: | ||
| 出版信息: | 北京 科学出版社 2000.01 |
|
| 页数: | 177页 | |
| 开本: | 16开 | |
| 丛书名: | ||
| 单 册: | ||
| 中图分类: | TP311.5 | |
| 科图分类: | ||
| 主题词: | 软件 | |
| 电子资源: | ||
| ISBN: | 7-03-008005-X | |
| 000 | 00559nam0 2200193 45 | |
| 001 | 0004241422 | |
| 005 | 20000424143054.1 | |
| 010 | @a7-03-008005-X@d21.00元 | |
| 100 | @a20000424d2000 km y0chiy0120 ea | |
| 101 | @achi | |
| 105 | @a z 000yy | |
| 200 | 1 | @a软件工程初级考试辅导书@ARuan Jian Gong Cheng Chu Ji Kao Shi Fu Dao Shu@f刘越编著@FLiu Yue Bian Zhu |
| 210 | @a北京@c科学出版社@d2000.01 | |
| 215 | @a177页@d16开 | |
| 606 | 0 | @a软件 |
| 690 | @aTP311.5@v3 | |
| 701 | @a刘越@4编著 | |
| 801 | @aCN@bPftUser@c20000424 | |
| 905 | @f1@b53562@dTP311.5@eL.825 | |
| 软件工程初级考试辅导书/刘越编著.-北京:科学出版社,2000.01 |
| 177页;16开 |
| ISBN 7-03-008005-X:21.00元 |
| ● |
| 相关链接 |
|
|
|
正题名:软件工程初级考试辅导书
索取号:TP311.5/L.825
 
预约/预借
| 序号 | 登录号 | 条形码 | 馆藏地/架位号 | 状态 | 备注 |
| 1 | 53562 | 200535625 | 期刊室512/301自科库 42排3列5层/ [索取号:TP311.5/L.825] | 在馆 |